| 000 | 01394nac a22003377a 4500 | ||
|---|---|---|---|
| 001 | BR8201282 | ||
| 003 | BR-BrBNA | ||
| 005 | 20240105115248.0 | ||
| 008 | 230509b bl.|||m| |||| 00| 0 por d | ||
| 040 |
_aBR-BrBNA _bpor _cBiblioteca Nacional de Agricultura |
||
| 072 | _aH20 | ||
| 090 | _a1112 BR8201282 | ||
| 100 | 1 | _aPereira, L.V. | |
| 100 | 1 | _aAlves, E.J. | |
| 100 | 1 | _aLucchini, F. | |
| 100 | 1 | _aMartinez, J.A. | |
| 100 | 1 | _aFernandes, A.A.C. | |
| 110 | 1 |
_aCentro Nacional de Pesquisa de Mandioca e Fruticultura, Cruz das Almas, BA (Brasil) _91783 |
|
| 245 | 1 | _aComportamento de cultivares de banana quanto a resistencia a raca 2 de Pseudomonas solanacearum Smith (Moko)por infeccao natural [Musa spp.; Variedade resistente; Murcha bacteriana; Brasil] | |
| 246 | 1 | _a[Performance of banana cultivars regarding resistance to the strain 2 of Pseudomonas solanacearum Smith (Moko)by natural infection [Musa spp; Resistent variety; Bacterial wilt; Brazil] | |
| 260 | 3 |
_aCruz das Almas, BA (Brasil): _c1981. |
|
| 300 | _a6 p. | ||
| 490 |
_aComunicado Tecnico - Centro Nacional de Pesquisa de Mandioca e Fruticultura (Brazil) _vno. 2 _xISSN 0100-8854 |
||
| 650 | _aDoenca de planta | ||
| 650 | _aBanana | ||
| 650 | _aVariedade resistente | ||
| 650 | _aMurcha bacteriana | ||
| 650 | _aInfeccao | ||
| 909 |
_a202312 _bLúcia Elande _c55 _dLúcia Elande |
||
| 942 |
_2AGRIS _n0 _cMS |
||
| 999 |
_c273947 _d273947 |
||